00786nam a2200181 a 450000100100000000500170001000800410002704000250006808200220009324500270011526000410014230000460018359000260022971000420025595201700029795201200046799900170058700004734720201002060508.0110407s1977 dr ac r 000 0 spa d aDO-SdBNPbspacBNPHU axxxxbL697a, 197700aLibro del año 1977 . aSanto Domingo :b[Babeque],c[1977]. a41 P. :bil., retrs. , gráfs. ;c28 cm. aInventariado, 2019/VM2 aBabeque (Republica Dominicana)955170 0010718PDaPDbPDcHDd2018-05-07iLF1l0oxxxx L697a, 1977p47347-10r2020-06-25w2020-06-25yLFPDzPerteneció a la biblioteca de Bárbara SuncarZNo se presta 0010718PDaPDbPDcHDd2018-05-07iLF1l0oxxxx L697a, 1977p47348-10r2020-06-25w2020-06-25yLFPDZNo se presta c46835d46835